Marketing: Getting out of Sight

Senzorický marketing sa síce zaoberá všetkými piatimi zmyslami – z nich sa však pre podnikohospodársku teóriu a prax javí jediný – zmysel pre zdravý sedliacky rozum.

Guardado en:
Detalles Bibliográficos
Autor principal: Štrach, Pavel
Formato: Capítulo de libro
Lenguaje:inglés
Materias:
Etiquetas: Agregar Etiqueta
Sin Etiquetas, Sea el primero en etiquetar este registro!

MARC

LEADER 00000naa a2200000 4500
001 0257505
005 20190813085644.5
041 0 |a eng 
044 |a SK 
245 1 0 |a Marketing: Getting out of Sight  |c Pavel Štrach 
520 |a Senzorický marketing sa síce zaoberá všetkými piatimi zmyslami – z nich sa však pre podnikohospodársku teóriu a prax javí jediný – zmysel pre zdravý sedliacky rozum. 
610 2 0 |a stratégia marketingová 
610 2 0 |a marketing senzorický 
610 2 0 |a nástroje marketingové 
100 1 |a Štrach, Pavel